UBT Library

National collective identity : (Record no. 172)

000 -LEADER
fixed length control field 00760cam a2200217 a 4500
005 - DATE AND TIME OF LATEST TRANSACTION
control field 20131028091409.0
008 - FIXED-LENGTH DATA ELEMENTS--GENERAL INFORMATION
fixed length control field 980615s1999 nyu b 001 0 eng
020 ## - INTERNATIONAL STANDARD BOOK NUMBER
International Standard Book Number 0231111509
020 ## - INTERNATIONAL STANDARD BOOK NUMBER
International Standard Book Number 0231111517
041 0# - LANGUAGE CODE
Language code of text/sound track or separate title eng
080 ## - UNIVERSAL DECIMAL CLASSIFICATION NUMBER
Universal Decimal Classification number 327
100 1# - Rafti
Rafti Hall, Rodney Bruce,
100 1# - Rafti
-- 1960-
245 10 - TITLE STATEMENT
Title National collective identity :
Statement of responsibility, etc Rodney Bruce Hall.
260 ## -
-- New York :
-- Columbia University Press,
-- c1999.
300 ## -
-- xv, 397 p. ;
-- 24 cm.
500 ## -
-- Preface and Acknowledgments : f. XI - XV
504 ## - BIBLIOGRAPHY, ETC. NOTE
Bibliography, etc Includes bibliographical references (p. [347]-364) and index.
650 #0 -
-- Marrëdhënie ndërkombëtare dhe kultura
650 #0 -
-- Marrëdhënie ndërkombëtare
-- Filozofia
942 ## - ADDED ENTRY ELEMENTS (KOHA)
Source of classification or shelving scheme
Item type Books
Holdings
Withdrawn status Lost status Source of classification or shelving scheme Damaged status Not for loan Collection code Permanent location Current location Shelving location Date acquired Total Checkouts Full call number Barcode Date last seen Price effective from Koha item type
          Koleksioni i përgjithshem UBT - Prishtine UBT - Prishtine Koleksioni i përgjithshem 10/28/2013   327 BRU 001-000188 10/28/2013 10/28/2013 Books
UBT Library © 2015-2024. All rights reserved University Education for Business and Technology